[Event "ODJM A 2014"]
[Site "Magdeburg GER"]
[Date "2014.06.10"]
[Round "4"]
[White "Wagner, Swenja"]
[Black "Teichert, Felix"]
[Result "1-0"]
[Termination "normal"]
[Board "24"]
[WhiteElo "1417"]
[BlackElo "1686"]
[PlyCount "119"]
[WhiteFideId "12900494"]
[BlackFideId "12987670"]
[EventCountry "GER"]
[EventRounds "9"]
[EventType "swiss"]
[EventDate "2014.06.07"]

1. Nf3 d5 2. g3 Nf6 3. Bg2 g6 4. O-O Bg7 5. d3 c5 6. Nbd2 O-O 7. Re1 Nc6 8. e4
e5 9. b3 dxe4 10. Nxe4 Nxe4 11. dxe4 Qa5 12. Bd2 Qc7 13. Qc1 Bg4 14. c3 Rfd8
15. Be3 Rd3 16. Qc2 Rad8 17. Rad1 Qd7 18. Rxd3 Qxd3 19. Qxd3 Rxd3 20. Rc1 b6
21. h3 Bc8 22. Bf1 Rd8 23. Kg2 h6 24. Be2 f5 25. Bc4+ Kh7 26. Bd5 Ne7 27. c4
Ng8 28. h4 Bf6 29. Bd2 fxe4 30. Bxe4 Bg4 31. Bc3 Bxf3+ 32. Kxf3 Ne7 33. Re1 Kg7
34. Kg2 Kf7 35. Kh2 Ke6 36. Bg2 Nf5 37. Bh3 Kd6 38. Bxf5 gxf5 39. f4 Re8 40.
Rd1+ Ke6 41. fxe5 Rd8 42. Rxd8 Bxd8 43. Kg2 Bc7 44. Kf3 Bxe5 45. Bxe5 Kxe5 46.
g4 fxg4+ 47. Kxg4 a6 48. Kh5 Kf5 49. Kxh6 Kf6 50. h5 b5 51. a3 bxc4 52. bxc4 a5
53. a4 Ke5 54. Kg6 Kd4 55. h6 Kxc4 56. h7 Kb3 57. h8=Q c4 58. Qg8 Kb4 59. Qb8+
Kxa4 60. Qb2 1-0

[Event "ODJM A 2014"]
[Site "Magdeburg GER"]
[Date "2014.06.10"]
[Round "4"]
[White "Bossert, Felix"]
[Black "Denkert, Robert"]
[Result "1/2-1/2"]
[Termination "normal"]
[Board "25"]
[WhiteElo "1531"]
[BlackElo "1731"]
[PlyCount "47"]
[WhiteFideId "12960977"]
[BlackFideId "12957216"]
[EventCountry "GER"]
[EventRounds "9"]
[EventType "swiss"]
[EventDate "2014.06.07"]

1. d4 Nf6 2. Nf3 g6 3. g3 Bg7 4. Bg2 O-O 5. O-O c5 6. dxc5 Na6 7. c6 dxc6 8.
Nbd2 Bf5 9. c3 Nc5 10. Nd4 Bd7 11. N2b3 Ne6 12. Nxe6 Bxe6 13. Nc5 Qc8 14. Nxe6
Qxe6 15. Qc2 Rfd8 16. Rd1 Rd7 17. Be3 Rad8 18. Bxa7 Rxd1+ 19. Rxd1 Ra8 20. Bc5
Rxa2 21. Ba3 b5 22. Qd3 h6 23. Qd8+ Bf8 24. Qd3 1/2-1/2

[Event "ODJM A 2014"]
[Site "Magdeburg GER"]
[Date "2014.06.10"]
[Round "4"]
[White "Lengler, Tim"]
[Black "Usczeck, Alina"]
[Result "1/2-1/2"]
[Termination "normal"]
[Board "27"]
[WhiteElo "1573"]
[BlackElo "1566"]
[PlyCount "70"]
[WhiteFideId "12936197"]
[BlackFideId "12938114"]
[EventCountry "GER"]
[EventRounds "9"]
[EventType "swiss"]
[EventDate "2014.06.07"]

1. c4 c6 2. d4 d5 3. Nc3 Nf6 4. e3 a6 5. Nf3 b5 6. cxd5 cxd5 7. Bd2 Bb7 8. a4
b4 9. Na2 a5 10. Nc1 e6 11. Bb5+ Bc6 12. Bxc6+ Nxc6 13. Nd3 Qb6 14. Rc1 Nd7 15.
O-O Be7 16. Rc2 O-O 17. Qe2 Rfc8 18. Rfc1 Na7 19. Nde5 Nxe5 20. Nxe5 Bd6 21.
Nd7 Qb7 22. Nc5 Qb6 23. Be1 Rc6 24. f3 Rac8 25. Nb3 Rxc2 26. Rxc2 Rxc2 27. Qxc2
Qc6 28. Qxc6 Nxc6 29. e4 Bf4 30. Bf2 Bc7 31. g3 Bb6 32. Kf1 Kf8 33. Ke2 Ke7 34.
Kd3 Kd6 35. Be3 h6 1/2-1/2

[Event "ODJM A 2014"]
[Site "Magdeburg GER"]
[Date "2014.06.10"]
[Round "4"]
[White "Wiese, Tobias"]
[Black "Udaykumar, Arunn Mark"]
[Result "1-0"]
[Termination "normal"]
[Board "28"]
[WhiteElo "1548"]
[BlackElo "1767"]
[PlyCount "71"]
[WhiteFideId "12974382"]
[BlackFideId "12965456"]
[EventCountry "GER"]
[EventRounds "9"]
[EventType "swiss"]
[EventDate "2014.06.07"]

1. d4 Nf6 2. c4 e5 3. dxe5 Ng4 4. Bf4 Nc6 5. Nf3 Bb4+ 6. Nbd2 Qe7 7. e6 dxe6 8.
h3 Nf6 9. a3 Bd6 10. Bxd6 Qxd6 11. e3 e5 12. Qc2 O-O 13. Rd1 Rd8 14. Be2 Be6
15. O-O h6 16. Ne4 Qe7 17. Bd3 Nh5 18. Qc3 f5 19. Nxe5 fxe4 20. Bxe4 Qe8 21.
Bg6 Qe7 22. Nxc6 bxc6 23. Bxh5 Qg5 24. Bf3 Bxh3 25. Bxc6 Rab8 26. Bf3 Rf8 27.
e4 Rf6 28. Rd5 Qf4 29. gxh3 Qxf3 30. Qxf3 Rxf3 31. Kg2 Rfb3 32. Rd7 R8b7 33. e5
Rxb2 34. Re1 c6 35. e6 Kf8 36. e7+ 1-0

[Event "ODJM A 2014"]
[Site "Magdeburg GER"]
[Date "2014.06.10"]
[Round "4"]
[White "Garbuz, Vitaliy"]
[Black "Kovac, Laura"]
[Result "1-0"]
[Termination "normal"]
[Board "29"]
[WhiteElo "1627"]
[BlackElo "1602"]
[PlyCount "59"]
[WhiteFideId "12990710"]
[BlackFideId "12938882"]
[EventCountry "GER"]
[EventRounds "9"]
[EventType "swiss"]
[EventDate "2014.06.07"]

1. e4 d6 2. d4 Nf6 3. Nc3 Nbd7 4. Be3 e5 5. d5 Be7 6. f3 c6 7. Qd2 Qc7 8. O-O-O
b5 9. dxc6 Qxc6 10. Bxb5 Qb7 11. Nd5 Rb8 12. c4 a6 13. Bxd7+ Bxd7 14. Nxe7 Kxe7
15. Qxd6+ Ke8 16. Qxe5+ Be6 17. Rd2 Rc8 18. Rc2 Qb4 19. Bd2 Qa4 20. b3 Qa3+ 21.
Kb1 Ke7 22. Qa5 Qxa5 23. Bxa5 Nd7 24. Bb4+ Ke8 25. Ne2 Ra8 26. Nd4 a5 27. Nxe6
fxe6 28. Bc3 Rg8 29. Rd1 g6 30. Rcd2 1-0

[Event "ODJM A 2014"]
[Site "Magdeburg GER"]
[Date "2014.06.10"]
[Round "4"]
[White "Greßmann, Hanna"]
[Black "Langer, Moritz"]
[Result "0-1"]
[Termination "normal"]
[Board "30"]
[WhiteElo "1551"]
[BlackElo "1470"]
[PlyCount "64"]
[WhiteFideId "12930709"]
[BlackFideId "12975281"]
[EventCountry "GER"]
[EventRounds "9"]
[EventType "swiss"]
[EventDate "2014.06.07"]

1. e4 c5 2. Nc3 d6 3. f4 Nc6 4. Nf3 Nf6 5. Bc4 e6 6. d3 g6 7. O-O Bg7 8. Qe1
O-O 9. a3 a5 10. Ba2 Rb8 11. Qh4 b5 12. Ng5 h6 13. Nf3 Nh5 14. Qh3 Kh7 15. g4
Nf6 16. g5 Nh5 17. Ne2 Rh8 18. Nh4 Kg8 19. Qf3 Nd4 20. Nxd4 Bxd4+ 21. Kg2 Bb7
22. gxh6 Qxh4 23. c3 Bf6 24. Rg1 Kh7 25. h3 Rbf8 26. Kf1 Bd8 27. Rg4 Qf6 28.
Qf2 Bc8 29. f5 exf5 30. Bg5 Qe5 31. exf5 Qxf5 32. Qxf5 Bxf5 0-1

[Event "ODJM A 2014"]
[Site "Magdeburg GER"]
[Date "2014.06.10"]
[Round "4"]
[White "Reck, Jessica"]
[Black "Maurer, Noah"]
[Result "1-0"]
[Termination "normal"]
[Board "31"]
[WhiteElo "1613"]
[BlackElo "1823"]
[PlyCount "28"]
[WhiteFideId "12917931"]
[BlackFideId "12920673"]
[EventCountry "GER"]
[EventRounds "9"]
[EventType "swiss"]
[EventDate "2014.06.07"]

1. d4 Nf6 2. c4 c5 3. d5 b5 4. cxb5 a6 5. b6 g6 6. Nc3 Qxb6 7. e4 d6 8. Nf3 Bg4
9. Qa4+ Bd7 10. Qc2 Bg7 11. Be2 Bb5 12. Bd1 O-O 13. a4 Bc4 14. Nd2 Nxd5 1-0